Dr. S. R. Lasker Library Online Catalogue

Home      Library Home      Institutional Repository      E-Resources      MyAthens      EWU Home

Library supplies and furniture reference catalog / (Record no. 3267)

MARC details
000 -LEADER
fixed length control field 00823cam a2200265Ia 4500
001 - CONTROL NUMBER
control field 3267
003 - CONTROL NUMBER IDENTIFIER
control field BD-DhEWU
005 - DATE AND TIME OF LATEST TRANSACTION
control field 20181127125604.0
008 - FIXED-LENGTH DATA ELEMENTS--GENERAL INFORMATION
fixed length control field 110604s1992 nyua g 001 0 eng d
040 ## - CATALOGING SOURCE
Original cataloging agency BD-DhEWU
Modifying agency BD-DhEWU
Language of cataloging eng
Transcribing agency BD-DhEWU
041 ## - LANGUAGE CODE
Language code of text/sound track or separate title eng
082 04 - DEWEY DECIMAL CLASSIFICATION NUMBER
Classification number 651.2
Item number GAL 1992
110 ## - MAIN ENTRY--CORPORATE NAME
Corporate name or jurisdiction name as entry element Gaylord,,
9 (RLIN) 17766
245 10 - TITLE STATEMENT
Title Library supplies and furniture reference catalog /
260 ## - PUBLICATION, DISTRIBUTION, ETC. (IMPRINT)
Place of publication, distribution, etc New York :
Name of publisher, distributor, etc Gaylord,
Date of publication, distribution, etc c1992
300 ## - PHYSICAL DESCRIPTION
Extent 449 p. :
Other physical details ill. ;
Dimensions 28 cm.
504 ## - BIBLIOGRAPHY, ETC. NOTE
Bibliography, etc Includes index.
526 ## - STUDY PROGRAM INFORMATION NOTE
Program name Library
Requested Dept. (EWU) DIS
590 ## - LOCAL NOTE (RLIN)
Local note Sagar Shahanawaz
653 #1 - INDEX TERM--UNCONTROLLED
Uncontrolled term Interior design
Uncontrolled term Office equipment and supplies Furniture Libraries
655 ## - INDEX TERM--GENRE/FORM
Genre/form data or focus term Catalog Equipment and supplies
9 (RLIN) 23472
942 ## - ADDED ENTRY ELEMENTS (KOHA)
Koha item type Ref.
Source of classification or shelving scheme Dewey Decimal Classification
Holdings
Withdrawn status Lost status Source of classification or shelving scheme Damaged status Not for loan Collection code Home library Current library Shelving location Date acquired Cost, normal purchase price Total Checkouts Full call number Barcode Copy number Koha item type
    Dewey Decimal Classification   Not For Loan Reference Dr. S. R. Lasker Library, EWU Dr. S. R. Lasker Library, EWU Reference Section 30/10/1999 0.00   651.2 GAL 1992 7381 C-1 Ref.